Представление документа в формате RUSMARC

ПолеНазваниеЗначение
  Тип записи a
  Библиографический уровень m
001 Контрольный номер RU/IS/BASE/584724334
005 Дата корректировки 20201206205138.6
010 Индекс ISBN __
a ISBN 978-5-91921-677-3 (в пер.)
d Цена 365-31
100 Данные общей обработки __
a Данные общей обработки 19180712d2018||||||| 0rusy0189 ca
101 Язык документа 0_
a Язык текста rus
102 Страна публикации __
a Страна публикации ru
105 Кодированные данные (монография) __
a Кодированные данные (монография) a|||||||000zy
200 Заглавие и сведения об ответственности 1_
a Заглавие Завтра была война
e Сведения, относящиеся к заглавию повесть : [для старшего школьного возраста]
f Первые сведения об ответственности Борис Васильев
b Общее обозначение материала Текст
210 Выходные данные __
a Место издания Москва
c Издательство ЭНАС-КНИГА
d Дата издания 2018
215 Физическое описание __
a Объем 221, [2] с.
d Формат 21 см
225 Серия __
a Серия Куда уходит детство
330 Аннотация __
a Аннотация Последняя предвоенная осень - 1940-й год. Девятиклассники. Первое поколение, выросшее после революции и Гражданской войны… Они смогли стать людьми - со своими чувствами, мыслями и совестью. Именно об этом пронзительная повесть классика отечественной литературы Б.Л. Васильева. Война ждала их за порогом школы, но самая страшная война - за их души - шла уже давно… Однако герои повести выстояли. Они сумели протянуть руку товарищу, попавшему в беду, и они, эти вчерашние дети, достойно встретили жестокого врага, пришедшего в их страну.
333 Примечание о целевом назначении __
a Примечание о целевом назначении 12+. Для детей старше 12 лет
606 Тематические рубрики __
a Основная рубрика Художественная литература
606 Тематические рубрики __
a Основная рубрика Русская литература XX в. (произведения)
610 Ключевые слова __
a Ключевые слова повести
a Ключевые слова советская литература
a Ключевые слова тема Великой Отечественной войны
a Ключевые слова тема войны
a Ключевые слова тема дружбы
a Ключевые слова тема жизни
a Ключевые слова тема молодежи
a Ключевые слова тема человека
a Ключевые слова тема школы
a Ключевые слова тема юности
a Ключевые слова экранизированные книги
686 Индексы других классификаций __
2 Код системы rubbks
a Классификационный индекс 84(2=411.2)6-4; ст84(2Рос=Рус)6-4
700 Автор _1
a Фамилия Васильев
b Имя Б. Л.
f Даты 1924-2013
g Полное личное имя Борис Львович
4 Код отношения 070
801 Источник записи _0
a Страна ru
b Организация Муниципальное бюджетное учреждение культуры "Централизованная библиотечная система" г. Сургут (Центральная городская библиотека им. А. С. Пушкина)
c Дата составления 20180712
g Правила каталогизации rpk
801 Источник записи _1
a Страна ru
b Организация Муниципальное бюджетное учреждение культуры "Централизованная библиотечная система" г. Сургут (Центральная городская библиотека им. А. С. Пушкина)
c Дата составления 20180712
g Правила каталогизации rpk
852 Данные о местонахождении __
j Шифр хранения 84(2=411.2)6-4
i Авторский знак В 19
901 Тип документа __
t Тип документа m
a Ответственный КиК/Апакова
903 Характеристики (МАРС) __
a Дата передачи 20180712
990 Данные о заказе (DOS) __
j Количество экземпляров (DOS) 11
t N записи в КСУ для И/У (DOS) 201808